Colón, Barcelona y la filatelia / Juan de Linares
Descripción Física:
[28] p. : il. ; 22 cm
Colección:
La Corneta
Materias:
Filatelistes -- Barcelona
MARC
| LEADER | 00000nam a2200000Ia 4500 | ||
|---|---|---|---|
| 001 | 16435 | ||
| 008 | 160829s9999 xx 000 0 cat d | ||
| 080 | |a FU-43-30 | ||
| 100 | |a Linares, Juan de |9 46733 | ||
| 245 | |a Colón, Barcelona y la filatelia / Juan de Linares | ||
| 260 | |a Barcelona : |b Artigas, DL 1965 | ||
| 300 | |a [28] p. : |b il. ; |c 22 cm | ||
| 490 | |a La Corneta | ||
| 590 | |a Prové de 451, exp. 59 | ||
| 650 | |a Filatelistes |x Barcelona |9 46734 | ||
| 901 | |a Arxiu | ||
| 942 | |n 1 | ||
| 952 | |0 0 |1 0 |4 0 |6 FU4330 |7 1 |9 53417 |a Arxiu |b Arxiu |d 2016-12-01 |l 0 |o FU-43-30 |p 16435 |r 2016-12-01 00:00:00 |w 2016-12-01 |y ARXIU | ||
| 999 | |c 57283 |d 57283 | ||